000 01208cam a2200349 a 4500
001 15829621
003 OSt
005 20140310182746.0
008 090722s2010 enkag b 001 0 eng
010 _a 2009030288
015 _aGBB045349
_2bnb
016 7 _a015521522
_2Uk
020 _a9780195378269 (hardback : acidfree paper)
020 _a0195378261 (hardback : acidfree paper)
035 _a(OCoLC)ocn427704565
040 _aDLC
_cDLC
_dYDXCP
_dUKM
_dC#P
_dBWX
_dCDX
_dDLC
043 _aa-ph---
050 0 0 _aML 345.P528
_b.Ir78 2010
082 0 0 _a780.9599/16
_222
100 1 _aIrving, D. R. M.,
_d1981-
245 1 0 _aColonial counterpoint :
_bmusic in early modern Manila /
_cD.R.M. Irving.
260 _aOxford ;
_aNew York :
_bOxford University Press,
_c2010.
300 _ax, 394 p. :
_bill., music ;
_c25 cm.
490 1 _aCurrents in Latin American & Iberian music
650 0 _aMusic
_zPhilippines
_xHistory and criticism.
650 0 _aMusic
_zPhilippines
_xSpanish influences.
830 0 _aCurrents in Latin American & Iberian music.
906 _a7
_bcbc
_corignew
_d1
_eecip
_f20
_gy-gencatlg
942 _2lcc
_cBK
_kLOC
999 _c15666
_d15666